Detalles MARC
| 000 -LÍDER |
| Campo fijo de descripción fija |
02498cam a2200361 i 4500 |
| 001 - NÚMERO DE CONTROL |
| Campo de control |
768714001 |
| 003 - IDENTIFICADOR DEL NÚMERO DE CONTROL |
| Campo de control |
CO-MdFUSB |
| 005 - FECHA Y HORA DE LA ULTIMA TRANSACCIÓN |
| control field |
20230525114438.0 |
| 007 - CAMPO FIJO DE DESCRIPCIÓN FIJA--INFORMACIÓN GENERAL |
| Campo fijo de descripción fija |
ta |
| 008 - ELEMENTOS DE LONGITUD FIJA -- INFORMACIÓN GENERAL |
| Campo fijo de descripción fija -- Información general |
000719t2001 enkabf b 001 0 eng |
| 020 ## - NÚMERO INTERNACIONAL NORMALIZADO PARA LIBROS |
| Número Internacional Normalizado del libro |
0195087070 |
| 040 ## - FUENTE DE CATALOGACIÓN |
| Agencia de catalogación original |
DLC |
| Idioma de catalogación |
eng |
| Agencia que realiza la transcripción |
CO-MdFUSB |
| Agencia que realiza la modificación |
ZID |
| -- |
UKM |
| -- |
BAKER |
| -- |
UKV3G |
| -- |
BTCTA |
| -- |
YDXCP |
| -- |
IG# |
| -- |
YHM |
| -- |
BDX |
| -- |
OCLCQ |
| -- |
OCLCF |
| -- |
OCLCQ |
| -- |
TDS |
| -- |
OCLCQ |
| -- |
OCLCO |
| -- |
RB0 |
| -- |
SFR |
| -- |
UtOrBLW |
| Convenciones de la descripción |
rda |
| 041 ## - CÓDIGO DE IDIOMA |
| Código de idioma para texto/pista de sonido o título separado |
eng |
| 082 ## - NÚMERO DE CLASIFICACIÓN DECIMAL DEWEY |
| Número de la edición del Dewey |
23 |
| Número de clasificación |
220.95 |
| Clave de autor-Numero de item |
OX98 |
| 245 04 - TÍTULO |
| Título del Material |
The Oxford history of the biblical world |
| Mención de responsabilidad, etc. |
/ editado por Michael D. Coogan. |
| 260 ## - PUBLICACIÓN, DISTRIBUCIÓN, ETC. (PIE DE IMPRENTA) |
| Nombre del editor, distribuidor, etc. |
Oxford University Press, |
| Fecha de publicación, distribución, etc. |
2001. |
| 264 #1 - PRODUCCIÓN, PUBLICACIÓN, DISTRIBUCIÓN, MANUFACTURA, Y COPYRIGHT |
| Lugar de producción, publicación, distribución, manufactura |
Oxford, New York : |
| Nombre del productor, publicador, distribuidor |
Oxford University Press, |
| Fecha de producción, publicación, distribución, manufactura, o copyright |
[1998] |
| 264 #4 - PRODUCCIÓN, PUBLICACIÓN, DISTRIBUCIÓN, MANUFACTURA, Y COPYRIGHT |
| Fecha de producción, publicación, distribución, manufactura, o copyright |
© 1998 |
| 300 ## - DESCRIPCIÓN FÍSICA |
| Extensión |
487 páginas, |
| Otros detalles físicos |
ilustraciones, mapas ; |
| Dimensiones |
24 cm. |
| 336 ## - TIPO DE CONTENIDO |
| Término de tipo de contenido |
texto |
| Código de tipo de contenido |
txt |
| Fuente |
rdacontent. |
| 337 ## - TIPO DE MEDIO |
| Nombre del tipo de medio |
sin mediación |
| Código del tipo de medio |
n |
| Fuente |
rdamedia. |
| 338 ## - TIPO DE SOPORTE |
| Nombre del tipo de soporte |
volumen |
| Código Tipo de soporte |
nc |
| Fuente |
rdacarrier. |
| 504 ## - NOTA DE BIBLIOGRAFÍA, ETC. |
| Nota de bibliografía, etc |
Incluye referencias bibliográficas (páginas 453-455) e índice. |
| 505 ## - NOTA DE CONTENIDO |
| Nota de contenido con formato preestablecido |
Al principio: la historia más antigua / Michael D. Coogan -- Antes de Israel: Siria-Palestina en la Edad del Bronce / Wayne T. Pitard -- Vidas amargas: Israel dentro y fuera de Egipto / Carol A. Redmount -- Forjando una identidad : el surgimiento del antiguo Israel / Lawrence E. Stager -- "No había rey en Israel" : la era de los jueces / Jo Ann Hackett -- Parentesco y realeza : la monarquía primitiva / Carol Meyers -- Una tierra dividida : Judá e Israel desde la muerte de Salomón hasta la caída de Samaria / Edward F. Campbell Jr. -- Hacia el exilio : desde la conquista asiria de Israel hasta la caída de Babilonia / Mordechai Cogan -- Israel entre las naciones : el período persa / María Joan Winn Leith -- Entre Alejandría y Antioquía : judíos y judaísmo en el período helenístico / Leonard J. Greenspoon -- Visiones de reinos : desde Pompeyo hasta la primera revuelta judía / Amy-Jill Levine -- Iglesias en contexto : el movimiento de Jesús en el mundo romano / Daniel N. Schowalter -- Transiciones y trayectorias : judíos y Cristianos en el Imperio Romano / Barbara Geller. |
| 520 ## - NOTA DE RESUMEN, ETC. |
| Nota de sumario, etc. |
Examina la historia, el arte, la arquitectura, los idiomas, la literatura, la sociedad y la religión del Israel bíblico y el judaísmo y el cristianismo primitivos. |
| 563 ## - NOTA DE ENCUADERNACIÓN |
| Nota de encuadernación |
Pasta dura |
| 650 #0 - ASIENTO SECUNDARIO DE MATERIA - TERMINO TEMÁTICO |
| 9 (RLIN) |
360 |
| Término temático o nombre geográfico como elemento de entrada |
Biblia |
| Término temático que sigue al nombre geográfico como elemento de entrada |
Evidencias, autoridad, etc. |
| 653 ## - TÉRMINO DE INDIZACIÓN - NO CONTROLADO |
| Término no controlado |
Historia de los hechos contemporáneos. |
| 700 1# - ASIENTO SECUNDARIO - NOMBRE PERSONAL |
| Nombre personal |
Coogan, Michael David. |
| Responsabilidad |
editor |
| 942 ## - TIPO DE MATERIAL (KOHA) |
| Tipo de Item KOHA |
Libros General |
| 945 ## - INFORMACIÓN LOCAL DEL REGISTRO |
| Catalogador |
JTF-925 |